[Event "Saint Affrique op 28th"]
[Site "Saint Affrique"]
[Date "2022.07.29"]
[Round "8"]
[White "Ciarletta, Ulysse"]
[Black "Cotonnec, Melkior"]
[Result "0-1"]
[WhiteElo "1814"]
[BlackElo "2267"]
[PlyCount "106"]
[EventDate "2022.07.23"]
[EventType "swiss"]
[EventRounds "9"]
[EventCountry "FRA"]
[SourceTitle "EXT 2023"]
[Source "ChessBase"]
[SourceDate "2022.10.05"]
[SourceVersion "1"]
[SourceVersionDate "2022.10.05"]
[SourceQuality "1"]

1. d4 g6 2. c4 Bg7 3. Nf3 d6 4. Nc3 Nf6 5. e4 0-0 6. Be2 e5 7. 0-0 Bg4 8. dxe5 Bxf3 9. Bxf3 dxe5 10. Be3 Nc6 11. Qxd8 Rfxd8 12. Nb5 Ne8 13. Rfd1 a6 14. Nc3 Nd4 15. Nd5 Nxf3+ 16. gxf3 Rd7 17. Kf1 Rad8 18. Ke2 f6 19. b3 Kf7 20. Rac1 Bf8 21. Rf1 Ng7 22. c5 c6 23. Nb6 Re7 24. Rfd1 Ree8 25. Nc4 Ne6 26. Na5 Re7 27. Rxd8 Nxd8 28. Rd1 Ne6 29. Nc4 Rc7 30. b4 Ke8 31. Nb6 Rf7 32. a3 Be7 33. Nc4 Bf8 34. Nb6 Rc7 35. Kf1 Be7 36. Bc1 Bd8 37. Bb2 Rf7 38. Nc4 Bc7 39. Ke2 Rd7 40. Rxd7 Kxd7 41. Bc3 a5 42. Kd3 axb4 43. axb4 Bd8 44. Ne3 b6 45. cxb6 Bxb6 46. Nd1 Nf4+ 47. Kd2 Ke6 48. Ne3 Nh3 49. Ke2 Ng1+ 50. Kf1 Nxf3 51. Kg2 Ng5 52. Nc4 Bxf2 53. Bxe5 Nxe4 0-1

[Event "FRA-ch Blitz Online Qual"]
[Site "Europe Echecs INT"]
[Date "2020.05.16"]
[Round "3"]
[White "Ciarletta, Ulysse"]
[Black "Lamaze, Simon"]
[Result "0-1"]
[WhiteElo "1599"]
[BlackElo "2185"]
[PlyCount "44"]
[EventDate "2020.05.16"]
[EventType "swiss (blitz)"]
[EventRounds "15"]
[EventCountry "FRA"]
[SourceTitle "CBM 196 Extra"]
[Source "ChessBase"]
[SourceDate "2020.07.31"]
[SourceVersion "1"]
[SourceVersionDate "2020.07.31"]
[SourceQuality "1"]

1. d4 Nf6 2. c4 e6 3. Nc3 Bb4 4. e3 0-0 5. Bd3 d5 6. Nge2 c5 7. dxc5 Bxc5 8. cxd5 Nxd5 9. 0-0 Nc6 10. e4 Nxc3 11. Nxc3 Qe7 12. Kh1 Rd8 13. Qe2 Nd4 14. Qd1 b5 15. Be3 b4 16. Ne2 Bb7 17. Nxd4 Bxd4 18. Bxd4 Rxd4 19. Qe2 Rad8 20. Rfd1 e5 21. f3 Qc5 22. Rac1 Rxd3 0-1

[Event "EU Union-ch U12 17th"]
[Site "Mureck"]
[Date "2019.08.04"]
[Round "5"]
[White "Anand, Aryan"]
[Black "Ciarletta, Ulysse"]
[Result "0-1"]
[WhiteElo "1779"]
[BlackElo "1682"]
[PlyCount "110"]
[EventDate "2019.07.31"]
[EventType "swiss"]
[EventRounds "9"]
[EventCountry "AUT"]
[SourceTitle "EXT 2020"]
[Source "ChessBase"]
[SourceDate "2019.10.17"]
[SourceVersion "1"]
[SourceVersionDate "2019.10.17"]
[SourceQuality "1"]

1. e4 e6 2. d4 d5 3. Nc3 Nf6 4. Bg5 dxe4 5. Nxe4 Be7 6. Bxf6 gxf6 7. Nf3 f5 8. Nc3 Bf6 9. Qd2 a6 10. 0-0-0 0-0 11. Ne5 c5 12. Qe3 cxd4 13. Rxd4 Qe7 14. f4 Nd7 15. Qg3+ Kh8 16. Rd1 Rg8 17. Qe1 Nxe5 18. fxe5 Bg7 19. Be2 Bxe5 20. Bf3 Bg7 21. Qd2 Bf6 22. Kb1 Rd8 23. Qe3 Qc7 24. Rxd8+ Bxd8 25. Rd1 Bf6 26. Qh6 Bg7 27. Qd2 Bf6 28. h3 Kg7 29. Qd6 Qxd6 30. Rxd6 Bxc3 31. bxc3 e5 32. Rb6 e4 33. Be2 Ra7 34. Kc1 Bd7 35. Kd2 f4 36. Rd6 e3+ 37. Ke1 Bc6 38. Bf3 Bxf3 39. gxf3 b5 40. Rd4 Rc7 41. Rxf4 Rxc3 42. Rg4+ Kf8 43. a4 Rxc2 44. axb5 axb5 45. Re4 Rh2 46. Rxe3 Rxh3 47. Rb3 Rh5 48. Kf2 Kg7 49. Rb4 Rg5 50. Ke3 h5 51. Kf4 Rc5 52. Kg3 Kg6 53. Kh3 Kf6 54. Kg3 Ke6 55. f4 Kd5 0-1